| 000 | 00753cac a22002171u 4500 | ||
|---|---|---|---|
| 090 | _c4556 | ||
| 008 | 090108t 2000xxu||||| |||| 00| 0 eng d | ||
| 010 | _a 00066339 | ||
| 020 | _a0273646834 (alk. paper) | ||
| 022 | _a0273625756 | ||
| 082 | 0 | 0 |
_a657 _bDAY |
| 100 | _aDyson, J. R. | ||
| 245 | 1 | 0 |
_aAccounting for non-accounting students / _cJ.R. Dyson. |
| 250 | _a4th ed. | ||
| 260 |
_aHarlow, England ; _aNew York : _bFinancial Times Prentice Hall, _cc.2000. |
||
| 300 | _a35 p. | ||
| 504 | _aIncludes bibliographical references and index. | ||
| 650 | 0 | _aAccounting. | |
| 942 |
_cBB _k657DAY _2ddc |
||
| 999 |
_c4556 _d4556 |
||